| 000 | 00498cam a2200181ua 4500 | ||
|---|---|---|---|
| 001 | 4104 | ||
| 008 | 111215n ii |||gr||||Z||||||asm | ||
| 040 | _cMAIN | ||
| 082 | _a891.4513 | ||
| 100 | 1 |
_aBorgohain, Homen, _eEditor. |
|
| 245 | 1 | 1 |
_aAsomiya galpa sankalan (Vol-II) _ced. by Homen Borgohain |
| 250 | _a3rd. | ||
| 260 |
_aGuwahati: _bPublication Board Assam, _c2004. |
||
| 300 |
_a369p: _c25cm. |
||
| 653 | _aAssamese short stories | ||
| 653 | _aAsomiya galpa sankalan (Vol-II) | ||
| 942 | _cBK | ||
| 999 |
_c3926 _d3926 |
||